<The> Positive and Negative Aspects of Tax Administration as Part of the Business Environment in Slovakia

Definovanie pozitívnych a negatívnych aspektov daní na Slovensku z hľadiska podnikateľskej sféry. Identifikácia problémov a ich príčin a návrh možných riešení.

Salvato in:
Dettagli Bibliografici
Autore principale: Ďurinová, Ivona, 1964-
Natura: Capitolo di libro
Lingua:inglese
Soggetti:
Tags: Aggiungi Tag
Nessun Tag, puoi essere il primo ad aggiungerne!!

MARC

LEADER 00000naa a2200000 4500
001 0241187
005 20240502083647.3
041 0 |a eng 
044 |a CZ 
245 1 0 |a <The> Positive and Negative Aspects of Tax Administration as Part of the Business Environment in Slovakia  |c Ivona Ďurinová 
520 |a Definovanie pozitívnych a negatívnych aspektov daní na Slovensku z hľadiska podnikateľskej sféry. Identifikácia problémov a ich príčin a návrh možných riešení. 
610 2 0 |a podnikanie 
610 2 0 |a prostredie podnikateľské 
610 2 0 |a správa daňová 
610 2 0 |a Slovensko 
100 1 |a Ďurinová, Ivona, 1964-